Saison für Saison: Die Top-Scorer der Iserlohn Roosters - Statistiken

Allgemein
  • Dieses Quiz wurde 4 mal gespielt
  • Das Durchschnittsergebnis liegt bei 10 aus 26
Antwortstatistiken
Saison Spieler Tore Vorlagen Scorerpunkte % Korrekt
2025/26 Daniel Fischbuch 18 27 45
75%
2010/11 Michael Wolf 34 21 55
75%
2020/21 Joe Whitney 21 24 45
50%
2018/19 Jon Matsumoto 22 34 56
50%
2022/23 Kaspars Daugavins 21 28 49
50%
2004/05 Mike York 16 46 62
50%
2012/13 Mike York 18 38 56
50%
2006/07 Robert Hock 17 32 49
50%
2007/08 Robert Hock 24 63 87
50%
2008/09 Robert Hock 15 49 64
50%
2009/10 Robert Hock 17 42 59
50%
2011/12 Robert Hock 10 36 46
50%
2021/22 Ryan O'Connor 6 47 53
50%
2016/17 Blaine Down 18 15 33
25%
2017/18 Jack Combs 22 12 34
25%
2015/16 Louie Caporusso 18 30 48
25%
2013/14 Marty Sertich 9 33 42
25%
2023/24 Michael Dal Colle 16 29 45
25%
2024/25 Michael Dal Colle 13 25 38
25%
2019/20 Mike Halmo 11 20 31
25%
2014/15 Nick Petersen 22 31 53
25%
2005/06 Ralph Intranuovo 24 22 46
25%
2002/03 Scott King 12 26 38
25%
2003/04 Scott King 18 31 49
25%
2000/01 Shawn Anderson 12 33 45
25%
2001/02 Cory Laylin 17 32 49
0%
Keine übereinstimmenden Quizze gefunden
Verteilung der Resultate
Anzahl Personen mit jedem Resultat
Perzentil nach korrekt beantworteten Fragen
Ihre Resultats-Entwicklung
Sie haben dieses Quiz noch nicht gespielt